Datum a čas kvízu
33
Celkem bodů
Celkový počet nahraných bodů na tomto kvízu bez doplňovacích otázek.
4.
Pořadí na kvízu
Konečné umístění týmu na tomto kvízu.
Zaznamenané odpovědi
| # | Otázka | Odpověď | Body | Výsledky |
|---|---|---|---|---|
| 1. | Jak se jmenuje muž, který byl... | 0 | ||
| 2. | Americká Federální komise pro... | 0 | ||
| 3. | V nové české komedii s Jiřím L... | 1 | ||
| 4. | Společnost Coca-Cola je první... | 1 | ||
| 5. | Dopoledne 1:1 v Pardubicích, o... | 1 | ||
| 5. | O Ferdinandovi Porsche, zaklad... | 0 | ||
| 5. | Jak se jmenovala značka, která... | 0 | ||
| 5. | Určitě si vybavíte, jak vypadá... | 1 | ||
| 5. | Díváme se na legendární užitko... | 1 | ||
| 5. | Opel je součástí skupiny Group... | 0 |